00786nam a2200217Ii 45000010005000000030009000050080041000140400033000550410008000880820013000961000029001092450100001382640038002383000012002763360026002883370028003143380027003429400050003699990017004199520132004363181CO-ViMGA241108s9999||||xx |||||||||||||| ||und|| aCO-ViMGAbspaerdacCO-ViMGA0 aspa04a250 R4741 aHumberto Restrepo94797210aLa Religión de la Antigua Antioquia (Estudio teológico- pastoral sobre Tomás Carrasquilla 1aBogotá, Colombia : Bedout, 1972 avolumen atextbtxt2rdacontent aunmediatedbn2rdamedia avolumebnc2rdacarrier aidficha_siabuc: 3106. -- ficha_no_siabuc:3181 c42608d42608 001040708001aMEVIGERRbMEVIGERRcGENd2006-11-27o250 R474pECA1456r2024-11-26 09:06:35tEj.1w2024-11-26yBKz3106 | 4434